Strength and Advantages of Eastern Europe - EU's Net Gains from Accession (Record no. 3485)

MARC details
000 -LEADER
fixed length control field 00597nam a22002177i 4500
001 - CONTROL NUMBER
control field 3535
003 - CONTROL NUMBER IDENTIFIER
control field OSt
005 - DATE AND TIME OF LATEST TRANSACTION
control field 20170126082320.0
007 - PHYSICAL DESCRIPTION FIXED FIELD--GENERAL INFORMATION
fixed length control field tu
008 - FIXED-LENGTH DATA ELEMENTS--GENERAL INFORMATION
fixed length control field 161220s1997 xxu||||| |||| 00| 0 d
024 7# - OTHER STANDARD IDENTIFIER
Standard number or code 3534
Source of number or code RID
024 7# - OTHER STANDARD IDENTIFIER
Standard number or code 3535
Source of number or code RSN (alt)
040 ## - CATALOGING SOURCE
Transcribing agency OSt
084 ## - OTHER CLASSIFICATION NUMBER
Classification number 11.431
-- 11.43
Number source z
100 1# - MAIN ENTRY--PERSONAL NAME
Personal name Fidrmuc, Jarko
245 00 - TITLE STATEMENT
Title Strength and Advantages of Eastern Europe - EU's Net Gains from Accession
260 ## - PUBLICATION, DISTRIBUTION, ETC.
Place of publication, distribution, etc. Laxenburg :
Name of publisher, distributor, etc. IIASA,International Institute for Applied System Analysis,
Date of publication, distribution, etc. 1997.
300 ## - PHYSICAL DESCRIPTION
Extent 21 S. ;
Dimensions 30cm.
490 ## - SERIES STATEMENT
Series statement IIASA Interim Report
Volume/sequential designation 97-019
651 ## - SUBJECT ADDED ENTRY--GEOGRAPHIC NAME
Geographic name EU
942 ## - ADDED ENTRY ELEMENTS (KOHA)
Koha item type Book
Holdings
Withdrawn status Lost status Damaged status Not for loan Home library Current library Shelving location Date acquired Inventory number Total Checkouts Full call number Barcode Date last seen Price effective from Koha item type
        WIIW WIIW Library 06/24/1997 3535   II-6.186 303533 01/26/2017 01/26/2017 Book
The Vienna Instiute for International Economic Studies (wiiw)